| 000 | 00391cam a2200169ua 4500 | ||
|---|---|---|---|
| 020 | _c3.15 | ||
| 041 |
_ahin _h |
||
| 082 |
_a891.54 _bJAI/YE |
||
| 100 | _aJain, Kumar . | ||
| 245 |
_aYe aur ve / _cJain Kumar. _hTextual Documents |
||
| 260 |
_aDelhi : _bPoorvoday Prakashan , _c1954. |
||
| 300 | _a205 ; . | ||
| 365 | _a3.15 | ||
| 504 | _a | ||
| 942 | _cBK | ||
| 999 |
_c12501 _d12501 |
||